Name One Between II Quiz Stats

 Plays Quiz Updated Nov 4, 2017

Also try: Name One Between
Challenge
Share
Tweet
Embed
Score 0/20 Timer 08:00
0 Plays Today
First Item ...Name One That Comes Between... % Correct
Cards
10
???
94.4%
English Vowels
A
???
93.4%
Rainbow
Yellow
???
87.1%
One-Letter Roman Numerals
I
???
76.4%
US Federal Holidays
Independence Day
???
75.3%
Big Mac Jingle
Two All-Beef Patties
???
70.9%
Metric Prefixes
Deca
???
64.2%
Yahtzee Card
4 of a Kind
???
50.6%
US Army Ranks
Captain
???
48.9%
Moon Phases
First Quarter
???
47.7%
First Item ...Name One That Comes Between... % Correct
Scientific Classification
Phylum
???
46.8%
US TV Content Ratings
TV-Y7
???
44.9%
Popes
Paul VI
???
40.1%
James Bond Movies
The Spy Who Loved Me
???
33%
US Vice Presidents
Humphrey
???
28.7%
Generation 1 Pokémon
Bulbasaur (#1)
???
23.3%
A Song of Ice and Fire
A Game of Thrones
???
16.5%
Sue Grafton Novels
A Is for Alibi
???
7.9%
Hebrew Months
Tevet
???
7%
Shakespeare's Seven Ages of Man
Infant
???
5.1%

You're not logged in!

Compare scores with friends on all Sporcle quizzes.
OR
Log In

You Might Also Like...

Show Comments

Extras

Top Quizzes Today


Score Distribution

Your Account Isn't Verified!

In order to create a playlist on Sporcle, you need to verify the email address you used during registration. Go to your Sporcle Settings to finish the process.

Report this User

Report this user for behavior that violates our Community Guidelines.

Details: